Rugby World Cup top 50 scorers - Statistics

General Stats
  • This quiz has been taken 337 times
  • The average score is 10 of 50
Answer Stats
Pts Player % Correct
277 Jonny Wilkinson
86%
191 Daniel Carter
83%
136 Johnny Sexton
66%
75 Jonah Lomu
66%
176 Owen Farrell
62%
195 Handre Pollard
56%
75 Bryan Habana
50%
93 Ronan O'Gara
47%
123 Dan Biggar
45%
76 Thomas Ramos
45%
83 George Ford
37%
68 Morne Steyn
27%
136 Frederic Michalak
25%
95 Stephen Jones
23%
111 Percy Montgomery
22%
110 Richie Mo'unga
20%
227 Gavin Hastings
18%
170 Grant Fox
18%
153 Nicolas Sanchez
17%
105 Felipe Contepomi
16%
98 Greig Laidlaw
16%
195 Michael Lynagh
16%
60 Adam Ashley-Cooper
15%
163 Andrew Mehrtens
14%
98 Neil Jenkins
14%
65 Matt Giteau
13%
85 Bernard Foley
12%
65 Doug Howlett
11%
65 Christophe Lamaison
10%
61 Joel Stransky
9%
85 Rob Andrew
9%
138 Chris Paterson
8%
145 Matthew Burke
8%
70 Drew Mitchell
7%
100 Elton Flatley
7%
97 Jannie De Beer
6%
101 Tommaso Allan
6%
124 Thierry Lacroix
5%
70 David Humphreys
4%
80 Leon MacDonald
4%
125 Nicky Little
4%
72 Emiliano Boffelli
3%
84 Paul Grayson
3%
85 Didier Camberabero
2%
99 Jon Webb
1%
68 Ralph Keyes
1%
61 Kenny Logan
0%
73 Kurt Morath
0%
61 Pierre Hola
0%
62 Silao Leaegailesolo
0%
No matching quizzes found
Score Distribution
Percent of People with Each Score
Percentile by Number Answered
Your Score History
You have not taken this quiz